[Event "Cto de Aragon por Equipos D. Honor"]
[Site "?"]
[Date "2020.01.25"]
[Round "1.1"]
[White "Del Rey, Diego"]
[Black "Forcen Esteban, Daniel"]
[Result "0-1"]
[WhiteElo "2381"]
[BlackElo "2548"]
[PlyCount "48"]
[EventDate "2020.01.25"]
[WhiteTeam "El Olivar"]
[BlackTeam "Jaime Casas"]

1. Nf3 f5 2. d3 Nc6 3. e4 e5 4. Bg5 Be7 5. h4 h6 6. Bd2 Nf6 7. Nc3 d5 8. exd5
Nxd5 9. Qe2 O-O 10. O-O-O Bf6 11. g3 Nd4 12. Nxd4 Nxc3 13. Bxc3 exd4 14. Bb4 c5
15. Ba3 Qd5 16. Bh3 Qxa2 17. Qf3 Be6 18. Rhe1 Bd5 19. Qh5 b5 20. Bxc5 Bf7 21.
Qxf5 Rfc8 22. b4 Re8 23. Kd2 Qb2 24. Qf3 Bb3 0-1

[Event "Cto de Aragon por Equipos D. Honor"]
[Site "?"]
[Date "2020.01.25"]
[Round "1.2"]
[White "Llorente Zaro, Alfonso"]
[Black "Villuendas Valero, Adrian"]
[Result "1-0"]
[WhiteElo "2438"]
[BlackElo "2265"]
[PlyCount "41"]
[EventDate "2020.01.25"]
[WhiteTeam "Jaime Casas"]
[BlackTeam "El Olivar"]

1. g3 d5 2. Bg2 Nf6 3. f4 g6 4. Nf3 Bg7 5. O-O O-O 6. d3 c5 7. Nc3 d4 8. Ne4
Nxe4 9. dxe4 Nc6 10. e5 f6 11. exf6 Bxf6 12. e4 dxe3 13. Bxe3 Bxb2 14. Qe2 Bxa1
15. Qc4+ Kg7 16. Rxa1 Rf6 17. Bxc5 Be6 18. Qc3 Bd5 19. Rd1 Qg8 20. g4 Kf8 21.
Qxf6+ 1-0

[Event "Cto de Aragon por Equipos D. Honor"]
[Site "?"]
[Date "2020.01.25"]
[Round "1.3"]
[White "Hernando Garcia, Antonio"]
[Black "Ramiro Ovejero, Juan Luis"]
[Result "0-1"]
[WhiteElo "2120"]
[BlackElo "2348"]
[PlyCount "78"]
[EventDate "2020.01.25"]
[WhiteTeam "El Olivar"]
[BlackTeam "Jaime Casas"]

1. Nf3 Nf6 2. c4 b6 3. g3 Bb7 4. Bg2 e6 5. O-O Be7 6. Nc3 O-O 7. d4 Na6 8. Ne5
Bxg2 9. Kxg2 Qc8 10. d5 Bb4 11. f3 Bxc3 12. bxc3 d6 13. Nc6 Re8 14. e4 Nc5 15.
Nb4 a5 16. Nd3 Qa6 17. Nxc5 bxc5 18. Qa4 h6 19. Rb1 exd5 20. cxd5 Rab8 21. Qc2
Rxb1 22. Qxb1 Nd7 23. Rf2 Ne5 24. Rb2 Qc4 25. Bf4 Qxc3 26. Rb3 Qc4 27. Bxe5
Rxe5 28. Qd3 Qxd3 29. Rxd3 f5 30. Re3 Re8 31. g4 fxe4 32. fxe4 Rb8 33. Ra3 Rb4
34. Kf3 a4 35. Kf4 g5+ 36. Kf5 Kf7 37. Rf3 Rb2 38. e5 Re2 39. e6+ Kg7 0-1

[Event "Cto de Aragon por Equipos D. Honor"]
[Site "?"]
[Date "2020.01.25"]
[Round "1.4"]
[White "Fontana Sotomayor, Luis Javier"]
[Black "Veras Sanz, Marino"]
[Result "1-0"]
[WhiteElo "2264"]
[BlackElo "2076"]
[PlyCount "63"]
[EventDate "2020.01.25"]
[WhiteTeam "Jaime Casas"]
[BlackTeam "El Olivar"]

1. d4 d6 2. Nf3 g6 3. e4 Bg7 4. c3 Nf6 5. Bd3 O-O 6. h3 c5 7. dxc5 dxc5 8. Qe2
Nc6 9. O-O Qc7 10. Re1 e5 11. a4 Rd8 12. Bg5 Be6 13. Nbd2 a6 14. Bc4 Bxc4 15.
Nxc4 h6 16. Bxf6 Bxf6 17. a5 Ne7 18. Nb6 Rab8 19. Nd2 Qd6 20. Ndc4 Qd3 21. Kf1
Kg7 22. Red1 Qxe2+ 23. Kxe2 Nc6 24. Nd7 Nd4+ 25. cxd4 Rxd7 26. dxe5 Rxd1 27.
Rxd1 Be7 28. Rd7 Kf8 29. Nb6 Ke8 30. Rc7 Kd8 31. Nd5 b6 32. Rxe7 1-0

[Event "Cto de Aragon por Equipos D. Honor"]
[Site "?"]
[Date "2020.01.25"]
[Round "1.5"]
[White "Baron Rodriguez, Jesus"]
[Black "Adla, Diego"]
[Result "0-1"]
[WhiteElo "2418"]
[BlackElo "2440"]
[PlyCount "138"]
[EventDate "2020.01.25"]
[WhiteTeam "IberCaja"]
[BlackTeam "St. Casablanca A"]

1. e4 e5 2. Nf3 Nc6 3. Nc3 Nf6 4. g3 Bb4 5. Bg2 Bxc3 6. dxc3 d6 7. Nh4 h6 8.
O-O g5 9. Nf5 Bxf5 10. exf5 Qd7 11. b4 Qxf5 12. b5 Na5 13. c4 O-O-O 14. Qd3 Qe6
15. Bd5 Nxd5 16. cxd5 Qg4 17. Rb1 Qd4 18. Qxd4 exd4 19. Rd1 Rhe8 20. Kf1 Re4
21. Rb4 Rde8 22. Rbxd4 Nc4 23. h3 Kd7 24. a4 Nb6 25. a5 Nc4 26. a6 bxa6 27.
bxa6 R8e5 28. f4 gxf4 29. gxf4 Re8 30. Rxe4 Rxe4 31. Kf2 Nb6 32. Kf3 f5 33. Be3
Ra4 34. Bxb6 axb6 35. Rg1 Rxa6 36. Rg7+ Kc8 37. Rf7 Ra3+ 38. Kg2 Rc3 39. Rxf5
Rxc2+ 40. Kg3 b5 41. Rf8+ Kd7 42. Kg4 Rc5 43. Kh5 Ke7 44. Rh8 Rxd5+ 45. Kg6 Rd3
46. Rh7+ Kd8 47. Rxh6 b4 48. f5 Rg3+ 49. Kf7 b3 50. Rh8+ Kd7 51. h4 c5 52. Rb8
Kc7 53. Rb5 Kc6 54. Rb8 Rg4 55. Rxb3 Rxh4 56. Ke7 Rf4 57. f6 c4 58. Ra3 d5 59.
f7 Kb5 60. Ra8 c3 61. f8=Q Rxf8 62. Rxf8 d4 63. Rd8 c2 64. Rxd4 c1=Q 65. Rg4
Kc5 66. Ke6 Qe3+ 67. Kf5 Kd5 68. Rb4 Qe6+ 69. Kf4 Qd6+ 0-1

[Event "Cto de Aragon por Equipos D. Honor"]
[Site "?"]
[Date "2020.01.25"]
[Round "1.6"]
[White "Glavina, Pablo"]
[Black "Lopez Gracia, Fernando"]
[Result "1-0"]
[WhiteElo "2405"]
[BlackElo "2293"]
[PlyCount "101"]
[EventDate "2020.01.25"]
[WhiteTeam "St. Casablanca A"]
[BlackTeam "IberCaja"]

1. c4 e6 2. Nf3 d5 3. g3 Nf6 4. Bg2 c5 5. cxd5 exd5 6. d4 Nc6 7. O-O Be7 8.
dxc5 Bxc5 9. Qc2 Bb6 10. Nc3 O-O 11. Na4 Be6 12. b3 Ne4 13. Nxb6 Qxb6 14. Be3
Qa6 15. Nd4 Nxd4 16. Bxd4 Rac8 17. Qb2 f6 18. Rfc1 b6 19. a4 Rxc1+ 20. Rxc1 Rc8
21. Rxc8+ Qxc8 22. Bf1 Bh3 23. Bxh3 Qxh3 24. b4 Qc8 25. a5 bxa5 26. bxa5 a6 27.
Kg2 Qc4 28. h4 h5 29. f3 Nd6 30. Qb8+ Nc8 31. Kf1 Kf7 32. Qb7+ Ne7 33. Bb6 Ke6
34. Qb8 Qc8 35. Qf4 Qc4 36. Qb8 Qc8 37. Qa7 Qc4 38. Kf2 d4 39. Bc5 Nc6 40. Qb6
Kd5 41. Bf8 d3 42. Qb7 Qc2 43. Qd7+ Ke5 44. Bd6+ Kd5 45. Bf8+ Ke5 46. Qe8+ Kd4
47. Qe4+ Kc3 48. Qxc6+ Kb2 49. Qb6+ Ka2 50. Qe6+ Kb1 51. Bb4 1-0

[Event "Cto de Aragon por Equipos D. Honor"]
[Site "?"]
[Date "2020.01.25"]
[Round "1.7"]
[White "Moreno Gracia, Daniel"]
[Black "Quintin Navarro, Alberto"]
[Result "0-1"]
[WhiteElo "2307"]
[BlackElo "2378"]
[PlyCount "78"]
[EventDate "2020.01.25"]
[WhiteTeam "IberCaja"]
[BlackTeam "St. Casablanca A"]

1. Nf3 d5 2. d4 Nf6 3. e3 e6 4. Bd3 c5 5. b3 b6 6. O-O Bd6 7. Bb2 Nc6 8. Ne5
Bb7 9. Nd2 O-O 10. a3 Qc7 11. f4 Ne7 12. Qf3 c4 13. bxc4 dxc4 14. Ne4 cxd3 15.
Nxf6+ gxf6 16. Qg3+ Kh8 17. Qh4 Bxe5 18. fxe5 f5 19. cxd3 Ng6 20. Qf6+ Kg8 21.
h4 h5 22. Rac1 Qd8 23. Qxd8 Rfxd8 24. e4 Rac8 25. exf5 Nxh4 26. fxe6 fxe6 27.
Rf6 Bd5 28. Rh6 Rxc1+ 29. Bxc1 Rc8 30. Bg5 Nf5 31. Rxh5 Rc2 32. Rh2 Kg7 33.
Bf6+ Kg6 34. Rh8 Rxg2+ 35. Kf1 Ng3+ 36. Ke1 Re2+ 37. Kd1 Bb3+ 38. Kc1 Rc2+ 39.
Kb1 Ne2 0-1

[Event "Cto de Aragon por Equipos D. Honor"]
[Site "?"]
[Date "2020.01.25"]
[Round "1.8"]
[White "Bescos Cortes, Daniel"]
[Black "Villalba Embid, Marcos"]
[Result "1/2-1/2"]
[WhiteElo "2183"]
[BlackElo "2054"]
[PlyCount "106"]
[EventDate "2020.01.25"]
[WhiteTeam "St. Casablanca A"]
[BlackTeam "IberCaja"]

1. e4 c5 2. Nc3 a6 3. d3 b5 4. Be3 e6 5. Nf3 Bb7 6. g3 Nf6 7. h3 d5 8. exd5
Nxd5 9. Nxd5 Bxd5 10. Bg2 Nd7 11. O-O Be7 12. Qe2 O-O 13. Rfd1 e5 14. c3 f5 15.
d4 cxd4 16. cxd4 e4 17. Ne5 Bf6 18. f4 exf3 19. Bxf3 Nb6 20. b3 Qe7 21. Qg2
Rad8 22. Re1 Qb4 23. Rad1 Rfe8 24. Bf2 Qd6 25. Bxd5+ Nxd5 26. Nf3 Nc3 27. Rd2
Rxe1+ 28. Bxe1 Ne4 29. Rd1 f4 30. g4 Qd5 31. Bf2 h6 32. h4 Qe6 33. g5 hxg5 34.
hxg5 Nxf2 35. gxf6 Ng4 36. f7+ Kf8 37. Ng5 Qe3+ 38. Kf1 Nh6 39. Qc6 Nxf7 40.
Ne6+ Kg8 41. Nxd8 f3 42. Qc2 Nxd8 43. Qd3 Qf4 44. Kf2 Ne6 45. Qxf3 Qh2+ 46. Qg2
Qf4+ 47. Kg1 Ng5 48. Rd3 Ne4 49. d5 Qc1+ 50. Kh2 Qf4+ 51. Kg1 Qc1+ 52. Kh2 Qf4+
53. Kg1 Qc1+ 1/2-1/2

[Event "Cto de Aragon por Equipos D. Honor"]
[Site "?"]
[Date "2020.01.25"]
[Round "1.9"]
[White "Sanchez Herrera, Miguel"]
[Black "Garza Marco, Sergio"]
[Result "0-1"]
[WhiteElo "2074"]
[BlackElo "2402"]
[PlyCount "82"]
[EventDate "2020.01.25"]
[WhiteTeam "Agrupacion B"]
[BlackTeam "Helios"]

1. c4 e5 2. Nc3 Nc6 3. g3 Bc5 4. Bg2 d6 5. e3 a6 6. a3 Ba7 7. b4 Nge7 8. Bb2 h5
9. h4 Bf5 10. d3 Qd7 11. Nge2 f6 12. b5 axb5 13. cxb5 Na5 14. Qa4 Bb6 15. Bxb7
Ra7 16. Be4 Be6 17. Qc2 Nb3 18. Rb1 Nc5 19. Bg2 Ba5 20. O-O Bb3 21. Qd2 d5 22.
d4 Ne4 23. Qc1 Nd6 24. dxe5 fxe5 25. Ba1 Bc4 26. Rd1 O-O 27. Qb2 Qf5 28. Nf4
Bxc3 29. Qxc3 d4 30. Qb2 Ra5 31. a4 Rxa4 32. Bh3 Qf7 33. Ng2 Ra2 34. Qb4 Qxf2+
35. Kh2 Rf3 36. Qe1 Rxe3 37. Qxf2 Rxf2 38. b6 cxb6 39. Rxb6 Ndf5 40. Kg1 Ree2
41. g4 hxg4 0-1

[Event "Cto de Aragon por Equipos D. Honor"]
[Site "?"]
[Date "2020.01.25"]
[Round "1.10"]
[White "Guzman Moneo, Alberto"]
[Black "Garcia Morales, Roberto"]
[Result "1-0"]
[WhiteElo "2175"]
[BlackElo "2039"]
[PlyCount "89"]
[EventDate "2020.01.25"]
[WhiteTeam "Helios"]
[BlackTeam "Agrupacion B"]

1. e4 c6 2. c4 d5 3. exd5 cxd5 4. cxd5 Nf6 5. Qa4+ Bd7 6. Qb3 Qb6 7. Nc3 Na6 8.
Bc4 g6 9. d3 Qxb3 10. Bxb3 Nb4 11. d4 Rc8 12. a3 Nd3+ 13. Ke2 Bb5 14. Nxb5
Nxc1+ 15. Rxc1 Rxc1 16. Nc3 a6 17. f4 Bh6 18. g3 g5 19. fxg5 Bxg5 20. Bd1 O-O
21. Nh3 Bh6 22. g4 Nxg4 23. Rg1 f5 24. Nf2 Kh8 25. Nxg4 fxg4 26. Rxg4 Rf4 27.
h3 Rxg4 28. hxg4 Kg7 29. Kd3 Kg6 30. Ke2 Kg5 31. Kd3 Kh4 32. Bf3 Bg5 33. d6
exd6 34. Bxb7 a5 35. Bc8 Rf1 36. b4 Rf3+ 37. Kc4 axb4 38. axb4 Rf8 39. Be6 Rf6
40. Kd5 Bd2 41. Ne4 Rxe6 42. Kxe6 Bxb4 43. Kf5 Ba3 44. d5 Bb4 45. g5 1-0

[Event "Cto de Aragon por Equipos D. Honor"]
[Site "?"]
[Date "2020.01.25"]
[Round "1.11"]
[White "Carruez Berges, Santiago"]
[Black "Cerrajeria Ruiz, Jesus Maria"]
[Result "0-1"]
[WhiteElo "1995"]
[BlackElo "2158"]
[PlyCount "48"]
[EventDate "2020.01.25"]
[WhiteTeam "Agrupacion B"]
[BlackTeam "Helios"]

1. e4 c5 2. d4 cxd4 3. c3 Nf6 4. e5 Nd5 5. Nf3 d6 6. Bc4 dxe5 7. Nxe5 e6 8.
Bb5+ Nd7 9. Qxd4 a6 10. Bxd7+ Bxd7 11. O-O Be7 12. c4 Qb6 13. Qg4 Nf6 14. Qxg7
O-O-O 15. Qxf7 Qd6 16. Nxd7 Rxd7 17. Qg7 Rg8 18. Qh6 Ng4 19. Qf4 Ne5 20. Qe4
Bf6 21. Bf4 Qd3 22. Nc3 Rg4 23. Rae1 Nf3+ 24. Kh1 Nxe1 0-1

[Event "Cto de Aragon por Equipos D. Honor"]
[Site "?"]
[Date "2020.01.25"]
[Round "1.12"]
[White "Lorente Melcon, Maximo"]
[Black "Carruez Gracia, Eduardo"]
[Result "1/2-1/2"]
[WhiteElo "1661"]
[BlackElo "1885"]
[PlyCount "75"]
[EventDate "2020.01.25"]
[WhiteTeam "Helios"]
[BlackTeam "Agrupacion B"]

1. e4 e6 2. d3 d5 3. Nd2 Nf6 4. Ngf3 c5 5. g3 Nc6 6. Bg2 Be7 7. O-O O-O 8. e5
Nd7 9. Re1 b6 10. Nf1 Qc7 11. Bf4 d4 12. h4 Bb7 13. N1h2 Nb4 14. Ng4 Nd5 15.
Bg5 Bxg5 16. Nxg5 Ne7 17. h5 Bxg2 18. Kxg2 h6 19. Nf3 f6 20. exf6 Nxf6 21. Nfe5
Qd6 22. Qe2 Rae8 23. Nxf6+ Rxf6 24. Ng4 Qd5+ 25. Kg1 Rff8 26. Qxe6+ Qxe6 27.
Rxe6 Nd5 28. Rxe8 Rxe8 29. a3 Kf7 30. Kf1 Nf6 31. Nxf6 Kxf6 32. f4 Kf5 33. Kf2
Re3 34. Rh1 Re6 35. Kf3 Re3+ 36. Kf2 Re6 37. Kf3 Re3+ 38. Kf2 1/2-1/2

[Event "Cto de Aragon por Equipos D. Honor"]
[Site "?"]
[Date "2020.01.25"]
[Round "1.13"]
[White "Abril Avellanas, Eduardo"]
[Black "Lana Rodriguez, David"]
[Result "0-1"]
[WhiteElo "2175"]
[BlackElo "2301"]
[PlyCount "126"]
[EventDate "2020.01.25"]
[WhiteTeam "Atletismo Huesca"]
[BlackTeam "Agrupacion A"]

1. d4 Nf6 2. c4 e6 3. Nc3 d5 4. cxd5 exd5 5. Bg5 {D35 Queen's Gambit Declined:
Exchange Variation, Positional Variation} Nbd7 6. e3 Be7 7. Nf3 O-O 8. Bd3 c6
9. O-O h6 10. Bh4 Ne4 11. Bxe7 Qxe7 12. Qc2 Re8 13. Rab1 Ndf6 14. b4 a6 15. Na4
Bf5 16. Ne5 Bh7 17. Nc5 a5 18. f3 Nd6 19. Bxh7+ Nxh7 20. Rfe1 Nf8 21. a4 f6 22.
Ned3 Nc4 23. Qc3 b6 24. Ne4 Qc7 25. Nf4 Ne6 26. Nxe6 Rxe6 27. Ng3 Rae8 28. bxa5
bxa5 29. e4 Qf4 30. Qc1 Qc7 31. Qc3 Kh8 32. Re2 Qa7 33. Kh1 Qa6 34. Ree1 Qa7
35. Re2 Qf7 36. f4 R6e7 37. e5 fxe5 38. fxe5 Qg6 39. Rf1 Rf7 40. Rxf7 Qxf7 41.
Qf3 Qxf3 42. gxf3 Rf8 43. Kg2 Kg8 44. e6 Rb8 45. Nf5 Re8 46. Kg3 Kh7 47. Kg4
Kg6 48. h4 h5+ 49. Kf4 Kf6 50. e7 g6 51. Ng3 Rxe7 52. Rxe7 Kxe7 53. Kg5 Kf7 54.
Ne2 Nd2 55. Kf4 Ke6 56. Nc1 Kf6 57. Ke3 Nc4+ 58. Kf4 Nd6 59. Nb3 Nb7 60. Kg3
Kf5 61. Kg2 g5 62. Kg3 gxh4+ 63. Kxh4 Kf4 {Black wins.} 0-1

[Event "Cto de Aragon por Equipos D. Honor"]
[Site "?"]
[Date "2020.01.25"]
[Round "1.14"]
[White "Ramon Perez, Jose Luis"]
[Black "Salamero Pelay, Fernando"]
[Result "1/2-1/2"]
[WhiteElo "2220"]
[BlackElo "2075"]
[PlyCount "81"]
[EventDate "2020.01.25"]
[WhiteTeam "Agrupacion A"]
[BlackTeam "Atletismo Huesca"]

1. e4 g6 2. d4 Bg7 3. Nc3 c5 4. dxc5 Bxc3+ 5. bxc3 Qa5 6. Nf3 Qxc3+ {B27
Sicilian Defense: Hyperaccelerated Pterodactyl, Exchange Variation} 7. Bd2 Qxc5
8. Bd3 Nf6 9. O-O O-O 10. e5 Ng4 11. Rb1 Nxe5 12. Nxe5 Qxe5 13. Re1 Qf6 14. Qc1
Nc6 15. Bg5 Qg7 16. Bxe7 Nxe7 17. Rxe7 d5 18. h4 Qf6 19. Qg5 Qxg5 20. hxg5 b6
21. Rb3 Be6 22. Rc3 d4 23. Rcc7 a5 24. a4 Rac8 25. Rb7 Rc6 26. f3 Kg7 27. Kh2
h6 28. gxh6+ Kxh6 29. g4 Rfc8 30. Kg3 Rd6 31. f4 Kg7 32. f5 gxf5 33. Bxf5 Rc3+
34. Kf4 Bd5 35. Rbd7 Rxd7 36. Rxd7 Bc6 37. Rxd4 Ra3 38. Ke5 Rxa4 39. Rd3 Rc4
40. Rb3 Rc5+ 41. Kd4 1/2-1/2

[Event "Cto de Aragon por Equipos D. Honor"]
[Site "?"]
[Date "2020.01.25"]
[Round "1.15"]
[White "Gella Lopez, Angel"]
[Black "Remiro Juste, Fernando Jose"]
[Result "0-1"]
[WhiteElo "2083"]
[BlackElo "2194"]
[PlyCount "83"]
[EventDate "2020.01.25"]
[WhiteTeam "Atletismo Huesca"]
[BlackTeam "Agrupacion A"]

1. d4 g6 2. Nf3 Bg7 3. c4 d6 4. e4 Nf6 5. Nc3 O-O 6. Be2 e5 7. O-O Nc6 8. d5
Ne7 9. Ne1 {E98 King's Indian Defense: Orthodox Variation, Classical System}
Ne8 10. Nd3 f5 11. Bd2 Nf6 12. f3 f4 13. c5 h5 14. Qc2 g5 15. Nb5 Ne8 16. Rfc1
Bd7 17. Nf2 Ng6 18. a4 Nh4 19. h3 a6 20. Na3 g4 21. hxg4 Qg5 22. c6 hxg4 23.
cxd7 gxf3 24. g4 fxe2 25. dxe8=Q Raxe8 26. Qd3 Nf5 27. exf5 e4 28. Qh3 e3 29.
Bc3 Rxf5 30. Bxg7 Qxg7 31. Nd3 f3 32. Rxc7 Qxc7 33. gxf5 Qg7+ 34. Kh2 f2 35.
Nc4 f1=Q 36. Rxf1 exf1=Q 37. Qxf1 Re4 38. Nf4 e2 39. Qxe2 Rxe2+ 40. Nxe2 b5 41.
axb5 axb5 42. Nxd6 {Black wins.} 0-1

[Event "Cto de Aragon por Equipos D. Honor"]
[Site "?"]
[Date "2020.01.25"]
[Round "1.16"]
[White "Moreno Martin-Viveros, Alvaro"]
[Black "Gella Bitrian, Diego"]
[Result "1-0"]
[WhiteElo "2160"]
[BlackElo "2068"]
[PlyCount "35"]
[EventDate "2020.01.25"]
[WhiteTeam "Agrupacion A"]
[BlackTeam "Atletismo Huesca"]

1. e4 c5 2. Nf3 d6 3. d4 Nf6 4. Nc3 cxd4 5. Nxd4 a6 6. Be3 {B90 Sicilian
Defense: Najdorf Variation, English Attack} e5 7. Nf3 Nbd7 8. a4 b6 9. Bc4 h6
10. O-O Bb7 11. Qd3 Be7 12. Rfd1 O-O 13. Nh4 Ng4 14. Nf5 Nxe3 15. Qxe3 Rc8 16.
Ba2 Nc5 17. Qg3 g6 18. Qxg6+ 1-0

[Event "Cto de Aragon por Equipos D. Honor"]
[Site "?"]
[Date "2020.01.25"]
[Round "1.17"]
[White "Gavin Roche, Enrique"]
[Black "Accattato Martin, Mario"]
[Result "0-1"]
[WhiteElo "2228"]
[BlackElo "2223"]
[PlyCount "102"]
[EventDate "2020.01.25"]
[WhiteTeam "ONCE C. A. Aragon"]
[BlackTeam "Monzon"]

1. d4 d5 2. c4 c6 3. cxd5 cxd5 4. Nc3 Nf6 5. Bf4 Nc6 6. e3 Ne4 7. Bd3 Nxc3 8.
bxc3 e6 9. Nf3 Bd6 10. Bxd6 Qxd6 11. O-O O-O 12. Rb1 b6 13. e4 dxe4 14. Bxe4
Ba6 15. Re1 Rac8 16. d5 exd5 17. Ng5 h6 18. Bxd5 Qf4 19. Qf3 hxg5 20. Bxc6 Qxf3
21. Bxf3 Rxc3 22. Re7 Rfc8 23. h3 R3c7 24. Rbe1 Kf8 25. R7e5 Rc1 26. Bd5 Rxe1+
27. Rxe1 Rc5 28. Bb3 Bc4 29. Re3 Bxb3 30. axb3 a5 31. Kh2 Rc7 32. Kg3 Re7 33.
Rc3 Ke8 34. Kg4 f6 35. Rc6 Rb7 36. Kf5 Kd7 37. Re6 Kc7 38. Kg6 Kb8 39. Re4 b5
40. g3 b4 41. h4 gxh4 42. gxh4 a4 43. bxa4 b3 44. Re1 Ka7 45. h5 Ka6 46. f4 Ka5
47. Ra1 Kb4 48. a5 b2 49. Rb1 Ka3 50. a6 Ra7 51. Rf1 Ka2 0-1

[Event "Cto de Aragon por Equipos D. Honor"]
[Site "?"]
[Date "2020.01.25"]
[Round "1.18"]
[White "Arrieta Restrepo, Steven"]
[Black "Laliena Solanes, Luis"]
[Result "1-0"]
[WhiteElo "2051"]
[BlackElo "2185"]
[PlyCount "63"]
[EventDate "2020.01.25"]
[WhiteTeam "Monzon"]
[BlackTeam "ONCE C. A. Aragon"]

1. e4 c6 2. Nc3 d5 3. Nf3 dxe4 4. Nxe4 Nf6 5. Qe2 Nxe4 6. Qxe4 Qd5 7. Qf4 Qf5
8. Qxf5 Bxf5 9. c3 Nd7 10. d4 e6 11. Bf4 Be7 12. O-O-O Nf6 13. h3 Ne4 14. Be3
h5 15. Be2 Bd6 16. Nh4 Bh7 17. Nf3 Nf6 18. Ne5 Be4 19. f3 Bh7 20. c4 c5 21. f4
cxd4 22. Bxd4 Ke7 23. b3 Ne4 24. Bf3 f6 25. Nd3 Rad8 26. Rhe1 Ng3 27. Nc5 Bxf4+
28. Kb2 Bf5 29. Bd5 Rxd5 30. cxd5 e5 31. Bc3 e4 32. Nxb7 1-0

[Event "Cto de Aragon por Equipos D. Honor"]
[Site "?"]
[Date "2020.01.25"]
[Round "1.19"]
[White "Cobo Garrido, Diego Israel"]
[Black "Barranco Mananet, Fernando"]
[Result "1/2-1/2"]
[WhiteElo "2068"]
[BlackElo "2034"]
[PlyCount "116"]
[EventDate "2020.01.25"]
[WhiteTeam "ONCE C. A. Aragon"]
[BlackTeam "Monzon"]

1. e4 c5 2. Nf3 e6 3. d4 cxd4 4. Nxd4 Nc6 5. Nc3 Qc7 6. Be3 a6 7. Qd2 Nf6 8.
O-O-O Bb4 9. f3 O-O 10. a3 Ba5 11. Nb3 b5 12. Bc5 Re8 13. Bd6 Qb6 14. Nxa5 Qxa5
15. e5 Nd5 16. Nxd5 Qxd2+ 17. Rxd2 exd5 18. Rxd5 Ne7 19. Rd4 Nf5 20. Rd2 Bb7
21. Bd3 Nxd6 22. exd6 g6 23. c3 Re5 24. Rhd1 Kg7 25. Bc2 Rae8 26. Bb3 f6 27.
Kc2 Bc6 28. Rd4 f5 29. R1d2 Kf6 30. a4 Re1 31. axb5 axb5 32. Bd5 Bxd5 33. Rxd5
R8e5 34. R5d4 Ke6 35. Kb3 g5 36. Kb4 f4 37. b3 h6 38. g3 fxg3 39. hxg3 R1e3 40.
Rh2 h5 41. Rxh5 Rxf3 42. Rh6+ Rf6 43. Rxf6+ Kxf6 44. c4 bxc4 45. bxc4 Kf7 46.
c5 Ke8 47. Kb5 Re1 48. Rd5 Rb1+ 49. Kc4 Rc1+ 50. Kd3 g4 51. Re5+ Kf8 52. Kd4
Rg1 53. Re3 Rd1+ 54. Kc4 Rc1+ 55. Kb5 Rb1+ 56. Ka6 Rb4 57. c6 dxc6 58. d7 Rb8
1/2-1/2

[Event "Cto de Aragon por Equipos D. Honor"]
[Site "?"]
[Date "2020.01.25"]
[Round "1.20"]
[White "Hidalgo Gracia, Andres"]
[Black "Fuertes Garay, Javier"]
[Result "0-1"]
[WhiteElo "1818"]
[BlackElo "1987"]
[PlyCount "99"]
[EventDate "2020.01.25"]
[WhiteTeam "Monzon"]
[BlackTeam "ONCE C. A. Aragon"]

1. e4 e5 2. Nf3 Nc6 3. d4 exd4 4. Nxd4 Bc5 5. Nb3 Bb6 6. Nc3 Qf6 7. Qe2 Nge7 8.
Be3 Bxe3 9. Qxe3 O-O 10. O-O-O a6 11. f3 d6 12. h4 Be6 13. h5 Ne5 14. Be2 b5
15. g4 Nc4 16. Bxc4 Bxc4 17. g5 Qe6 18. Nd4 Qd7 19. f4 b4 20. h6 g6 21. b3 Be6
22. Nxe6 fxe6 23. Qd4 Nc6 24. Qc4 bxc3 25. f5 Ne5 26. Qxc3 Qe7 27. fxg6 Nxg6
28. Kb1 Rf4 29. Rd4 Ne5 30. g6 Nxg6 31. Rdd1 Raf8 32. Rdg1 d5 33. Qh3 Qf7 34.
Kb2 Rxe4 35. Qd3 Rf4 36. Qxa6 Rf2 37. Qc6 e5 38. a4 d4 39. Qe4 Qf5 40. Qd5+ Kh8
41. Rc1 d3 42. Qc4 Rxc2+ 43. Rxc2 dxc2 44. Qxc7 Qf6 45. Rf1 Nf4 46. Qxc2 Nd3+
47. Qxd3 Qxf1 48. Qd6 e4 49. Ka3 Qf6 50. Qg3 0-1

[Event "Cto de Aragon por Equipos D. Honor"]
[Site "?"]
[Date "2020.01.25"]
[Round "1.21"]
[White "Cifuentes Parada, Roberto"]
[Black "Antonano Fedz-Quincoces, Avelino"]
[Result "1-0"]
[WhiteElo "2428"]
[BlackElo "2041"]
[PlyCount "69"]
[EventDate "2020.01.25"]
[WhiteTeam "Jaque"]
[BlackTeam "St. Casablanca B"]

1. d4 g6 2. e4 Bg7 3. c4 c5 4. Nf3 cxd4 5. Nxd4 Nc6 6. Be3 d6 7. Nc3 Nh6 8. Be2
O-O 9. Nxc6 bxc6 10. Qd2 Ng4 11. Bxg4 Bxg4 12. h4 Qa5 13. Bd4 Bxd4 14. Qxd4 Qb6
15. Qd2 Rab8 16. b3 Qa5 17. Rc1 h5 18. O-O Qe5 19. Qe3 Qf6 20. f3 Be6 21. g3
Rb7 22. Rfd1 Rd7 23. Rd3 Rfd8 24. Rcd1 Kh7 25. Kh2 Rg8 26. f4 Rgd8 27. R1d2 Kg7
28. Ne2 Bg4 29. Nd4 c5 30. Nb5 Qa1 31. Nc3 Qf1 32. Rf2 Qa1 33. f5 f6 34. Qd2
gxf5 35. Re3 1-0

[Event "Cto de Aragon por Equipos D. Honor"]
[Site "?"]
[Date "2020.01.25"]
[Round "1.22"]
[White "Ayensa Garcia, Miguel Angel"]
[Black "Escartin Lacasa, Jose"]
[Result "0-1"]
[WhiteElo "1970"]
[BlackElo "2125"]
[PlyCount "48"]
[EventDate "2020.01.25"]
[WhiteTeam "St. Casablanca B"]
[BlackTeam "Jaque"]

1. c4 c6 2. e4 d5 3. exd5 Nf6 4. d4 cxd5 5. Nc3 g6 6. Qb3 Bg7 7. cxd5 O-O 8.
Be2 Qb6 9. Qxb6 axb6 10. Bf3 Na6 11. d6 Nb4 12. dxe7 Re8 13. Kd1 Bf5 14. Be3
Rxe7 15. Kd2 Nc2 16. Rc1 Nxe3 17. fxe3 Bh6 18. Re1 Rae8 19. Nd1 Rc7 20. Nc3 Rc4
21. Kd1 Bxe3 22. Nge2 b5 23. a3 b4 24. axb4 Rxb4 0-1

[Event "Cto de Aragon por Equipos D. Honor"]
[Site "?"]
[Date "2020.01.25"]
[Round "1.23"]
[White "Buisac Anadon, Pablo"]
[Black "Sanjulian Arruga, Pablo"]
[Result "1/2-1/2"]
[WhiteElo "2020"]
[BlackElo "1421"]
[PlyCount "103"]
[EventDate "2020.01.25"]
[WhiteTeam "Jaque"]
[BlackTeam "St. Casablanca B"]

1. Nf3 Nf6 2. d4 e6 3. g3 b5 4. Bg2 Bb7 5. O-O c5 6. c3 d5 7. Bg5 Nbd7 8. Nbd2
Be7 9. Qb3 Bc6 10. Ne5 Nxe5 11. dxe5 Nd7 12. Bxe7 Qxe7 13. e4 O-O 14. exd5 exd5
15. f4 Rab8 16. Nf3 b4 17. Qc2 Rfc8 18. Bh3 Rc7 19. Ng5 Nf8 20. Rae1 Bd7 21.
Bxd7 Rxd7 22. e6 fxe6 23. Rxe6 Qd8 24. Re5 bxc3 25. bxc3 h6 26. Nf3 Rdb7 27.
Qd3 Rb2 28. Qxd5+ Qxd5 29. Rxd5 c4 30. Rf2 Rb1+ 31. Kg2 Rc1 32. Rc5 Rxc3 33.
Ne5 Ne6 34. Rxc4 Rxc4 35. Nxc4 Rb4 36. Ne5 Ra4 37. Kf3 Nc5 38. Rb2 h5 39. Ke3
Re4+ 40. Kf3 Ra4 41. f5 Kf8 42. Ng6+ Kf7 43. Nf4 Ra3+ 44. Kg2 h4 45. g4 Ra4 46.
Rf2 Ne4 47. Rc2 Kf6 48. h3 Ra3 49. Ng6 Kg5 50. Ne5 Kf4 51. Ng6+ Kg5 52. Ne5
1/2-1/2

[Event "Cto de Aragon por Equipos D. Honor"]
[Site "?"]
[Date "2020.01.25"]
[Round "1.24"]
[White "Gasca Uson, Miguel"]
[Black "Buisan Zaharia, Pedro"]
[Result "0-1"]
[WhiteElo "1798"]
[BlackElo "1904"]
[PlyCount "112"]
[EventDate "2020.01.25"]
[WhiteTeam "St. Casablanca B"]
[BlackTeam "Jaque"]

1. c4 d6 2. Nc3 Nf6 3. Nf3 e5 4. d3 Be7 5. g3 O-O 6. Bg2 c6 7. O-O h6 8. Rb1
Bf5 9. Nd2 Na6 10. b4 Qc8 11. Re1 Rd8 12. Ba3 d5 13. Qc1 Qd7 14. b5 Nc5 15.
bxc6 bxc6 16. cxd5 cxd5 17. Nxd5 Nxd5 18. Bxc5 Rac8 19. Nb3 Bxc5 20. Nxc5 Qe7
21. Rb5 a6 22. Ra5 Nb4 23. Rd1 Nc6 24. Rxa6 Nd4 25. Rd2 Qxc5 26. Qxc5 Rxc5 27.
h4 Be6 28. Ra8 Rxa8 29. Bxa8 Ra5 30. Be4 f5 31. Bg2 Bxa2 32. Rxa2 Rxa2 33. Bd5+
Kf8 34. Bxa2 Nxe2+ 35. Kf1 Nd4 36. Ke1 Ke7 37. Kd2 f4 38. Bd5 fxg3 39. fxg3 Nf5
40. g4 Nxh4 41. Be4 Kf6 42. Bc6 Kg5 43. Bd7 Kf4 44. Ke2 Ng2 45. Kf2 Ne3 46. g5
Ng4+ 47. Ke2 Kxg5 48. Kf3 Nf6 49. Bc6 h5 50. Kg3 Kf5 51. Kh4 g5+ 52. Kg3 h4+
53. Kh3 Kf4 54. Kg2 g4 55. Kf2 h3 56. Bh1 g3+ 0-1